Countries out of place on the Map of Asia - Statistics

General Stats
  • This quiz has been taken 511 times
  • The average score is 9 of 10
Answers on the Map
Answers color-coded by a green-red scale on the quiz's map according to % correct below.
 
Answer Stats
Answer % Correct
Oman
97%
Vietnam
97%
Japan
96%
South Korea
95%
Turkmenistan
93%
Bangladesh
92%
Sri Lanka
90%
Philippines
75%
Qatar
75%
Maldives
74%
No matching quizzes found
Score Distribution
Percent of People with Each Score
Percentile by Number Answered
Your Score History
You have not taken this quiz